000 00657nam a2200205Ia 4500
003 IN-BaIIA
008 211028s9999 xx 000 0 eng d
020 _a0-7923-4070-1
040 _cIIA Library
080 _a082.2:52
_bIAU-S174
100 _aHut, P
_915231
245 0 _aDynamical evolution of star clusters - confrontation of theory and observations
_cP. Hut
260 _aDordrecht
_bKluwer Academic
_c1996
300 _a[various pagings.]
650 _aGlobular clusters
_911420
650 _aStar clusters
_96686
650 _aStellar dynamics
650 _aStellar evolution
942 _cBK
999 _c11925
_d11925